ورد ء وظیفا (Record no. 11737)

MARC details
000 -LEADER
fixed length control field 00254nam a22001097a 4500
082 ## - DEWEY DECIMAL CLASSIFICATION NUMBER
Classification number ظ ل ا
100 ## - MAIN ENTRY--AUTHOR NAME
Personal name ظل الرحمان انصاری
245 ## - TITLE STATEMENT
Title ورد ء وظیفا
260 ## - PUBLICATION, DISTRIBUTION, ETC. (IMPRINT)
Place of publication لاھور
Name of publisher فال روڈ
Year of publication ؟
300 ## - PHYSICAL DESCRIPTION
Number of Pages ۱۳۳
942 ## - ADDED ENTRY ELEMENTS (KOHA)
Koha item type Books
Holdings
Withdrawn status Lost status Collection code Home library Current library Date acquired Full call number Accession Number Koha item type
      Central Library, QUEST, Nawabshah Central Library, QUEST, Nawabshah 30/12/2014 ظ ل ا 22754 Books
    Reference Reference Section Reference Section 30/12/2014 ظ ل ا (Shelf - 18C) 22753 Books